Mateczka Kislev - Bardbarian (tekst piosenki) - Statystyki

Ogólne statystyki
  • Ten quiz został rozwiązany 8 razy
  • Średni wynik to 61 z 79
Statystyki odpowiedzi
Słowo % Poprawnych
Kislev,
100%
Kislevska
100%
Kislevska
100%
Kislevska
100%
Kislevski
100%
Kislevski
100%
Kislevski
100%
Kislevski
100%
Kislevski
100%
Kislevskie
100%
Kislevskie
100%
Kislevskie
100%
Kislevskie
100%
my
100%
nas
100%
w
100%
w
100%
w
100%
w
100%
w
100%
w
100%
bańce
80%
Bo
80%
broń
80%
budzi
80%
całym
80%
celuje
80%
chociaż
80%
czas
80%
dużo
80%
dziecko
80%
gdy
80%
gniew
80%
i
80%
i
80%
jeśli
80%
jest
80%
koń
80%
krew
80%
kvas,
80%
lubimy
80%
mamony
80%
mateczka
80%
Mateczka
80%
mieszają
80%
mrozi
80%
najlepsza
80%
napierdalać
80%
Nasza
80%
ogier
80%
pomaga
80%
się!
80%
skroń
80%
smutkach
80%
śpiew
80%
świecie
80%
szarża
80%
tańce
80%
to
80%
warte
80%
wódka
80%
wrogów,
80%
zarżał
80%
zaśnie
80%
zaśnie
80%
zew
80%
zimno,
80%
żony
80%
baśnie
60%
trucheł
60%
woń
60%
nim
20%
branie
0%
ciał
0%
mają
0%
panie
0%
siekanych
0%
szał
0%
wciąż
0%
Nie znaleziono quizów pasujących do podanych kryteriów
Rozkład punktacji
Procent ludzi z każdym wynikiem
Percentyl według liczby udzielonych odpowiedzi
Twoja historia wyników
Nie rozwiązałeś tego quizu